书目信息 |
| 题名: |
实用远洋渔业英语
|
|
| 作者: | 宋利明 主编 | |
| 分册: | ||
| 出版信息: | 北京 科学出版社 2017.08 |
|
| 页数: | 130页 | |
| 开本: | 26cm | |
| 丛书名: | ||
| 单 册: | ||
| 中图分类: | S977 | |
| 科图分类: | ||
| 主题词: | 远洋渔业--英语--高等学校--教材 | |
| 电子资源: | ||
| ISBN: | 978-7-03-053615-0 | |
| 000 | 01190nam0 2200241 450 | |
| 001 | 4425 | |
| 005 | 20181012085919.59 | |
| 010 | @a978-7-03-053615-0@dCNY35.00 | |
| 100 | @a20180217d2017 em y0chiy50 ea | |
| 101 | 0 | @achi@aeng |
| 102 | @aCN@b110000 | |
| 105 | @aa z 000yy | |
| 200 | 1 | @a实用远洋渔业英语@9shi yong yuan yang yu ye ying yu@f宋利明主编 |
| 210 | @a北京@c科学出版社@d2017.08 | |
| 215 | @a130页@c图@d26cm | |
| 300 | @a普通高等教育“十三五”规划教材 教育部高等学校水产类专业教学指导委员会推荐教材 全国普通高等教育海洋渔业科学与技术专业系列教材 | |
| 330 | @a本书共分四个部分。第一部分介绍海洋中的生物;第二部分介绍渔具、捕捞技术、有关渔具检查的情景对话、阅读材料(捕捞渔业技术发展趋势)等;第三部分介绍渔业生产报表、观察员报表的内容和填写实例;第四章介绍负责任渔业、阻止非法捕捞行为、阅读材料(什么是非法捕捞、非法捕捞的解决办法等)、公海登临检查的程序(什么是海上检查、关于非法捕捞的情景对话、中西太平洋渔业委员会登临检查程序)。 | |
| 510 | 1 | @aPractical English for distant-water fisheries@zeng |
| 606 | 0 | @a远洋渔业@x英语@x高等学校@j教材 |
| 690 | @aS977@v5 | |
| 701 | 0 | @a宋利明@9song li ming@f(1968-)@4主编 |
| 801 | 0 | @aCN@b91MARC@c20180217 |
| 905 | @aMuseLib@dS977@e50 | |
| 实用远洋渔业英语/宋利明主编.-北京:科学出版社,2017.08 |
| 130页:图;26cm |
| 普通高等教育“十三五”规划教材 教育部高等学校水产类专业教学指导委员会推荐教材 全国普通高等教育海洋渔业科学与技术专业系列教材 |
| ISBN 978-7-03-053615-0:CNY35.00 |
| 本书共分四个部分。第一部分介绍海洋中的生物;第二部分介绍渔具、捕捞技术、有关渔具检查的情景对话、阅读材料(捕捞渔业技术发展趋势)等;第三部分介绍渔业生产报表、观察员报表的内容和填写实例;第四章介绍负责任渔业、阻止非法捕捞行为、阅读材料(什么是非法捕捞、非法捕捞的解决办法等)、公海登临检查的程序(什么是海上检查、关于非法捕捞的情景对话、中西太平洋渔业委员会登临检查程序)。 |
| ● |
| 相关链接 |
|
|
|
|
正题名:实用远洋渔业英语
索取号:S977/50
 
预约/预借
| 序号 | 登录号 | 条形码 | 馆藏地/架位号 | 状态 | 备注 |
| 1 | 1125041 | 211250411 | 第二样本阅览室/ [索取号:S977/50] | 在馆 | |
| 2 | 1125042 | 211250420 | 第三借阅区/ [索取号:S977/50] | 在馆 | |
| 3 | 1125043 | 211250439 | 第三借阅区/ [索取号:S977/50] | 在馆 | |
| 4 | 1125044 | 211250448 | 第三借阅区/ [索取号:S977/50] | 在馆 | |
| 5 | 1125045 | 211250457 | 密集书库-资源管理系/ [索取号:S977/50] | 在馆 |